| 000 | 00779nam a2200265 a 4500 | ||
|---|---|---|---|
| 001 | 1183 | ||
| 003 | BR-CuiBMT | ||
| 005 | 20231130210001.0 | ||
| 008 | 231130s2006 rjba 000 0 por d | ||
| 020 | _a8522504741 | ||
| 040 |
_aBR-CuiBMT _cBR-CuiBMT |
||
| 080 |
_a930.251 _22007 |
||
| 090 |
_a930.251 _bB447a _c4. ed. |
||
| 100 | 1 | 0 | _aBelloto,Heloísa Liberalli |
| 245 | 1 | 0 |
_aArquivos permanentes : _b tratamento documental / _cHeloisa Liberalli Bellotto. |
| 250 | _a4. ed. | ||
| 260 |
_aSão Paulo : _bFGV, _c2006 |
||
| 300 |
_a318 p. : _bil. ; _c23 cm |
||
| 504 | _ainclui bibliografia. | ||
| 590 | _aA Biblioteca possui a 8. reimpr. 2012. | ||
| 650 |
_aArquivo _xorganização |
||
| 650 |
_aArquivamento _xDocumentos |
||
| 650 | _aGestão documental | ||
| 942 |
_2udc _cLV |
||
| 999 |
_c1183 _d1183 |
||